| 000 | 00941nam0a22002291 4500 | ||
|---|---|---|---|
| 001 | rc\2585816 | ||
| 005 | 20250623121653.0 | ||
| 035 | _a(NLR Aleph) 006750199 | ||
| 090 |
_a5736412 _c5736412 |
||
| 100 | _a20110914d1929 |||y0rusy50 ca | ||
| 101 | 0 | _arus | |
| 102 | _aRU | ||
| 105 | _ay z ||||| | ||
| 200 | 1 |
_aМилет и Ольвия _e(Доложено в заседании Отд-ния гуманитарных наук 10 апреля 1929 года) _f[Соч.] С. А. Жебелева |
|
| 210 |
_aБ. м. _cБ. и. _d[1929] |
||
| 300 | _aОтт. из: Известия Академии наук СССР. Отд-ние гуманитарных наук. 1929. Стр. 427-435 | ||
| 700 | 1 |
_4730 _7ca _8rus _aЖебелев _bС. А. _f1867-1941 _gСергей Александрович _9266183 _3RU\NLR\AUTH\770266239 |
|
| 801 | 0 |
_aRU _bNLR _gpsbo |
|
| 801 | 1 |
_aRU _bELAR _2rusmarc |
|
| 852 |
_aNLR _j30.12/1812 |
||
| 942 | _cBOOK | ||
| 980 | _aNB | ||